| 000 | 00425nam a22001577a 4500 | ||
|---|---|---|---|
| 005 | 20250809100953.0 | ||
| 008 | 250809b |||||||| |||| 00| 0 eng d | ||
| 020 |
_a978-81-272-6155-9 _c385 |
||
| 040 | _aMAIN | ||
| 082 |
_a650 _bJUN |
||
| 100 |
_aJuneja,C.Mohan _qArora,J.S. |
||
| 245 |
_aBook-Keeping& Accountancy _cBy C.M. Juneja |
||
| 250 | _a9th Ed. | ||
| 260 |
_aLudhiana: _bKalyani Publishers; _c2010. |
||
| 942 |
_2ddc _cBK |
||
| 999 |
_c15872 _d15872 |
||